| 000 | 00456nam a2200169Ia 4500 | ||
|---|---|---|---|
| 008 | 210716s2004 xx 000 0 und d | ||
| 020 | _a8178812959 | ||
| 041 | _aeng | ||
| 082 | _a332.17 SUBV | ||
| 100 | _aSubbulakshmi, V. | ||
| 245 |
_aCapital account convertibility: an introduction. _bIntroduction. |
||
| 250 | _a1 | ||
| 260 |
_aHyderabad _bICFAI University Press _c2004 |
||
| 300 | _aix,188,A11 | ||
| 650 | _aFinance | ||
| 700 | _aSubbulakshmi, V. | ||
| 999 |
_c202298 _d202298 |
||